Unidad Europea y Constitución Federal del Estado

Uloženo v:
Podrobná bibliografie
Korporativní autor: Instituto de Colaboración Científica
Médium: Text
Vydáno: Tubingen: ICC
Tagy: Přidat tag
Žádné tagy, Buďte první, kdo vytvoří štítek k tomuto záznamu!

MARC

LEADER 00000 a a2200000 04500
001 23066
003
040
020 |a 0341-6151  
090 |a 159000  
110 |a Instituto de Colaboración Científica  
245 |a Unidad Europea y Constitución Federal del Estado  
260 |a Tubingen:   |b ICC  
300 |a 147 p  
999 |c 12987  |d 12987